Réponses avec le mot "Pierre" - Statistiques

Statistiques générales
  • Ce quiz a été pris 2 088 fois
  • Le résultat moyen est 8 sur 10
Statistiques - réponses
Indice Réponse % Correct
Arme dont l'élastique permet de lancer des projectiles Le lance-pierre
97%
Période préhistorique où l'Homme fabriquait de nombreux outils en pierre L'âge de pierre
90%
Elle "n'amasse pas mousse" d'après une expression Pierre qui roule
90%
Jeu effectué avec les mains connu aussi sous le nom de Chifoumi/Shifumi Pierre-papier-ciseaux
87%
Célèbre prêtre français ayant fondé le mouvement Emmaüs L'Abbé Pierre
86%
Archipel français situé en Amérique du Nord Saint-Pierre-et-Miquelon
74%
Conte musical pour enfants composé par Sergeï Prokofiev Pierre et le loup
66%
Selon les alchimistes, cette pierre permettait de transformer les métaux en or La pierre philosophale
63%
Il a chanté "Les Corons" en 1982 Pierre Bachelet
57%
Elle a été déchiffrée par Jean-François Champolion et est actuellement exposée au British Museum La pierre de Rosette
56%
Aucun quiz correspondant
Distribution des résultats
% des personnes avec chaque résultat
Percentile par nombre de réponses
Votre historique - résultats
Vous n’avez pas pris ce quiz